Musique - 100 chansons marquantes en 2024 - Statistiques

Statistiques générales
  • Ce quiz a été pris 362 fois
  • Le résultat moyen est 18 sur 100
Statistiques - réponses
Artiste(s) Date de sortie Chanson % Correct
Jungeli ft Imen Es, Alonzo, Abou Debeing, Lossa 3 août 2023 Petit génie
58%
Sabrina Carpenter 11 avril 2024 Espresso
53%
Bruno Mars, Rosé 18 octobre 2024 APT.
49%
GIMS, DYSTINCT 10 mai 2024 SPIDER
48%
Pierre Garnier 7 février 2024 Ceux qu'on était
46%
Zaho de Sagazan 31 mars 2023 La symphonie des éclairs
45%
Benson Boone 19 janvier 2024 Beautiful Things
44%
Carbonne 3 mai 2024 Imagine
42%
Santa 24 mai 2024 Recommence-moi
42%
Bruno Mars, Lady Gaga 16 août 2024 Die With A Smile
41%
Héléna 20 novembre 2024 Mauvais garçon
40%
Héléna 21 juin 2024 Summer Body
38%
Dua Lipa 9 novembre 2023 Houdini
37%
Eminem 31 mai 2024 Houdini
37%
Teddy Swims 23 juin 2023 Lose Control
37%
Jeck 24 août 2023 Parapluie
35%
Tayc, Dadju 8 décembre 2024 I love you
32%
Sabrina Carpenter 6 juin 2024 Please, please, please
32%
Tyla 28 juillet 2023 Water
32%
Stromae, Pomme 23 novembre 2024 Ma Meilleure Ennemie
29%
Pierre Garnier, M. Pokora 20 septembre 2024 Chaque seconde (remix)
25%
Kavinsky, Phoenix, Angèle 20 septembre 2024 Nightcall
25%
Pierre Garnier 17 mai 2024 Nous on sait
25%
Iñigo Quintero 23 septembre 2022 Si No Estás
25%
Beyoncé 11 février 2024 Texas Hold'Em
25%
Jérémy Frérot 22 avril 2024 Adieu
24%
Doja Cat 4 août 2023 PAINT THE TOWN RED
23%
Billie Eilish 2 juillet 2024 BIRDS OF A FEATHER
22%
Louane 28 juin 2024 la pluie
22%
GIMS 19 juillet 2024 SOIS PAS TIMIDE
22%
Ariana Grande 12 janvier 2024 yes, and ?
22%
Céline Dion 10 octobre 2024 Hymne à l'amour (version JO de Paris 2024)
21%
Ariana Grande 8 mars 2024 we can't be friends (wait for your love)
21%
Sevdaliza, Yseult, Pabllo Vittar 28 juin 2024 Alibi
20%
13'Organisé 2 (Jul, Solda, Houari, Elams, Foued Nabba, Soso Maness, Alonzo, Naps, SCH) 15 août 2024 Bande Organisée 2
20%
Linh 1er mars 2024 Je pense à vous
20%
Julien Lieb 15 novembre 2024 Le Jeu
20%
Sabrina Carpenter 23 août 2024 Taste
20%
Dua Lipa 15 février 2024 Training Season
19%
Styleto 15 mars 2024 Faut que tu m'aimes
18%
Dua Lipa ft Pierre de Maere 8 novembre 2024 These Walls
18%
Taylor Swift, Post Malone 19 avril 2024 Fortnight
17%
Chappell Roan 5 avril 2024 Good Luck, Babe!
17%
Damiano David 25 octobre 2024 Born With A Broken Heart
16%
David Guetta, Alphaville, Ava Max 18 octobre 2024 Forever Young
16%
Charli xcx, Billie Eilish 1er août 2024 Guess (remix)
16%
Lenie 12 septembre 2024 Sans toi
16%
Gracie Abrams 5 novembre 2024 That's So True
15%
Hozier 22 mars 2024 Too Sweet
15%
Kendji Girac 18 septembre 2024 Si seulement...
14%
Teddy Swims 15 septembre 2023 The Door
14%
Billie Eilish 17 mai 2024 LUNCH
13%
The Weeknd, Anitta 30 octobre 2024 São Paulo
13%
Dasha 17 novembre 2023 Austin
11%
Clara Luciani 20 septembre 2024 Tout pour moi
11%
Coldplay, Elyanna, Martina Stoessel, Little Simz, Burna Boy 18 septembre 2024 WE PRAY
11%
Mark Ambor 16 février 2024 Belong Together
10%
Lady Gaga 25 octobre 2024 Disease
10%
FloyyMenor, Cris MJ 2 février 2024 Gata Only
10%
Chappell Roan 11 août 2024 HOT TO GO!
10%
Indochine 14 juin 2024 Le chant des cygnes
10%
Joseph Kamel 31 mai 2024 Ton Regard
10%
Shaboozey 12 avril 2024 A Bar Song (Tipsy)
9%
Sia 13 septembre 2023 Gimme Love
9%
Amir 3 mai 2024 Sommet
9%
Ariana Grande 11 juin 2024 the boy is mine
9%
David Guetta, OneRepublic 4 avril 2024 I Don't Wanna Wait
8%
Benson Boone 21 mars 2024 Slow It Down
8%
Jungeli ft Vegedream, Alonzo, Zaho 2 février 2024 T'étais où ?
8%
Linkin Park 17 septembre 2024 The Emptiness Machine
8%
The Weeknd 7 septembre 2024 Dancing In The Flames
7%
Candice 23 août 2024 Fleurs Fanées
7%
Shaka Ponk 19 janvier 2024 I'm Picky (Unplugged)
7%
Stéphane 26 janvier 2024 Ma chérie
7%
Lynda 14 juin 2024 Passe ton chemin
7%
Nemo 29 février 2024 The Code
7%
Katy Perry 11 juillet 2024 Woman's World
7%
Jungeli, Dadju 8 novembre 2024 Évidemment
6%
Jérémy Frérot 13 septembre 2024 Gamins des sables
6%
MAHMOOD, Angèle 8 mars 2024 SEMPRE/JAMAIS
6%
Myles Smith 10 mai 2024 Stargazing
6%
Cyril 10 novembre 2023 Stumblin'in
6%
Alex Warren 1 octobre 2024 Carry You Home
5%
Imagine Dragons 3 avril 2024 Eyes Closed
5%
Soprano 3 mai 2024 Facile à Danser
5%
Karol G 21 juin 2024 Si Antes Te Hubiera Conocido
5%
Hoshi 17 octobre 2024 Tu vas me quitter encore longtemps ?
5%
M Pokora, Fally Ipupa 10 mai 2024 Chez toi, chez moi
4%
Miley Cyrus, Pharrell 1er mars 2024 Doctor (Work It Out)
4%
Coldplay 21 juin 2024 feelslikeimfallinginlove
4%
Shakira, Cardi B 22 mars 2024 Punterìa
4%
Kris Kross Amsterdam, Inna 25 avril 2024 Queen Of My Castle
3%
Claudio Capéo 4 octobre 2024 T'en aller
3%
Sia, Kylie Minogue 15 mars 2024 Dance Alone
2%
Linkin Park 23 février 2024 Friendly Fire
2%
Corneille ft Soolking 4 octobre 2024 Seul au monde
2%
Vianney, Rosa Linn 31 octobre 2024 Where Do I Go
2%
P!nk 1er décembre 2023 All Out Of Fight
1%
Ofenbach, salem ilese 24 mai 2024 feelings don't lie
1%
Loïc Nottet, Nuit Incolore 17 septembre 2024 On s'écrira
1%
Aucun quiz correspondant
Distribution des résultats
% des personnes avec chaque résultat
Percentile par nombre de réponses
Votre historique - résultats
Vous n’avez pas pris ce quiz